| 000 | 00904nam a2200277 i 4500 | ||
|---|---|---|---|
| 001 | bg | ||
| 003 | KOSZ 005 | ||
| 005 | 20220202102103.0 | ||
| 008 | 990909s1980 uk g |000 0 eng d | ||
| 020 | _a0671252410 | ||
| 040 | _cBPK | ||
| 041 | 1 |
_aeng _hita |
|
| 080 | _a821.131.1-3 | ||
| 100 | 1 |
_aFallaci, Oriana _d(1930-2006) _eAutor |
|
| 245 | 1 | 0 |
_aA man / _cOriana Fallaci ; translated from the Italian by Wiliam Weaver. |
| 246 | 3 | 0 |
_iTyt. oryg.: _aUn uomo : _bromanzo |
| 260 |
_aNew York : _bSimon and Schuster, _cc. 1980. |
||
| 300 |
_a463 s ; _c25 cm. |
||
| 380 | _aKsiążki | ||
| 388 | _a1901-2000 | ||
| 501 | _aTranslation from "Un uomo". | ||
| 650 | 4 |
_aPowieść włoska _y20 w. |
|
| 700 | 1 |
_aWeaver, William. _d(1923-2013). _eTłumaczenie |
|
| 856 |
_uhttp://koha.tu.koszalin.pl/cgi-bin/koha/opac-detail.pl?biblionumber=47478 _yKatalog online BPK |
||
| 942 |
_cKS _2UKD |
||
| 999 |
_c47478 _d47478 |
||